Engineering hydrology : (Record no. 8194)

MARC details
000 -LEADER
fixed length control field 01181cam a2200337 i 4500
001 - CONTROL NUMBER
control field 20766071
003 - CONTROL NUMBER IDENTIFIER
control field OSt
005 - DATE AND TIME OF LATEST TRANSACTION
control field 20231010092154.0
008 - FIXED-LENGTH DATA ELEMENTS--GENERAL INFORMATION
fixed length control field 181203t20192019nyua b 001 0 eng
010 ## - LIBRARY OF CONGRESS CONTROL NUMBER
LC control number 2018966284
020 ## - INTERNATIONAL STANDARD BOOK NUMBER
International Standard Book Number 9780367200558
020 ## - INTERNATIONAL STANDARD BOOK NUMBER
Canceled/invalid ISBN 125964197X
Qualifying information (Hardcover :
-- acid-free paper)
040 ## - CATALOGING SOURCE
Original cataloging agency DLC
Language of cataloging eng
Transcribing agency DLC
Description conventions rda
Modifying agency DLC
042 ## - AUTHENTICATION CODE
Authentication code pcc
050 00 - LIBRARY OF CONGRESS CALL NUMBER
Classification number GB661.2
Item number .J35 2019
082 ## - DEWEY DECIMAL CLASSIFICATION NUMBER
Classification number 620pAN 2019.
100 1# - MAIN ENTRY--PERSONAL NAME
Personal name Panigrahi,Balram;Panigrahi,Kajal;
Relator term author.
9 (RLIN) 16723
245 10 - TITLE STATEMENT
Title Engineering hydrology :
Remainder of title Panigrahi,Balram;Panigrahi,Kajal;
264 #1 - PRODUCTION, PUBLICATION, DISTRIBUTION, MANUFACTURE, AND COPYRIGHT NOTICE
Place of production, publication, distribution, manufacture New York :
Name of producer, publisher, distributor, manufacturer McGraw-Hill Education,
Date of production, publication, distribution, manufacture, or copyright notice [2019]
264 #4 - PRODUCTION, PUBLICATION, DISTRIBUTION, MANUFACTURE, AND COPYRIGHT NOTICE
Date of production, publication, distribution, manufacture, or copyright notice © 2019.
300 ## - PHYSICAL DESCRIPTION
Extent xxv, 667 pages :
Other physical details illustrations ;
Dimensions 25 cm
336 ## - CONTENT TYPE
Content type term text
Content type code txt
Source rdacontent
337 ## - MEDIA TYPE
Media type term unmediated
Media type code n
Source rdamedia
338 ## - CARRIER TYPE
Carrier type term volume
Carrier type code nc
Source rdacarrier
504 ## - BIBLIOGRAPHY, ETC. NOTE
Bibliography, etc Includes bibliographical references and index.
650 #0 - SUBJECT ADDED ENTRY--TOPICAL TERM
Topical term or geographic name as entry element Hydrology
Form subdivision Textbooks.
9 (RLIN) 16724
650 #0 - SUBJECT ADDED ENTRY--TOPICAL TERM
Topical term or geographic name as entry element Hydraulic engineering
Form subdivision Textbooks.
9 (RLIN) 16725
906 ## - LOCAL DATA ELEMENT F, LDF (RLIN)
a 7
b cbc
c orignew
d 2
e epcn
f 20
g y-gencatlg
942 ## - ADDED ENTRY ELEMENTS (KOHA)
Source of classification or shelving scheme Dewey Decimal Classification
Koha item type Open Shelf
Holdings
Withdrawn status Lost status Source of classification or shelving scheme Damaged status Not for loan Home library Current library Date acquired Inventory number Total Checkouts Full call number Barcode Date last seen Price effective from Koha item type
    Dewey Decimal Classification     MUST Main Library MUST Main Library 10/10/2023 23/42180   620pAN 2019. 2023-0603 10/10/2023 10/10/2023 Open Shelf